Zesde internationaal botanisch congres (Record no. 66980)
[ view plain ]
| 000 -LEADER | |
|---|---|
| fixed length control field | 00460nam a22001457a 4500 |
| 008 - FIXED-LENGTH DATA ELEMENTS--GENERAL INFORMATION | |
| fixed length control field | 240911b |||||||| |||| 00| 0 eng d |
| 040 ## - CATALOGING SOURCE | |
| Original cataloging agency | National Science Library |
| Transcribing agency | National Science Library |
| 080 ## - UNIVERSAL DECIMAL CLASSIFICATION NUMBER | |
| Universal Decimal Classification number | 58(082.2) |
| Item number | J5.2 |
| 100 ## - MAIN ENTRY--PERSONAL NAME | |
| Personal name | Sirks, M J |
| 9 (RLIN) | 13274 |
| 245 ## - TITLE STATEMENT | |
| Title | Zesde internationaal botanisch congres |
| Statement of responsibility, etc. | / Proceedings Amsterdam 2-7 September 1935 |
| 260 ## - PUBLICATION, DISTRIBUTION, ETC. | |
| Place of publication, distribution, etc. | Leiden: |
| Name of publisher, distributor, etc. | E J Brill, |
| Date of publication, distribution, etc. | 1935 |
| 300 ## - PHYSICAL DESCRIPTION | |
| Extent | xiii, 317p. |
| 500 ## - GENERAL NOTE | |
| General note | Vol. II |
| 942 ## - ADDED ENTRY ELEMENTS (KOHA) | |
| Source of classification or shelving scheme | Universal Decimal Classification |
| Koha item type | Proceedings |
| Withdrawn status | Lost status | Source of classification or shelving scheme | Damaged status | Not for loan | Home library | Current library | Shelving location | Date acquired | Total Checkouts | Full call number | Barcode | Date last seen | Price effective from | Koha item type |
|---|---|---|---|---|---|---|---|---|---|---|---|---|---|---|
| Universal Decimal Classification | National Science Library | National Science Library | GF | 06/09/1973 | 58(082.2) J5.2 | 44341 | 11/09/2024 | 06/09/1973 | Proceedings |